Sacrificio y creación en la pintura de Rothko: la vía estética de la emoción religiosa
সংরক্ষণ করুন:
| প্রধান লেখক: | |
|---|---|
| বিন্যাস: | গ্রন্থ |
| ভাষা: | স্প্যানিশ |
| প্রকাশিত: |
Madrid
Siruela
2010
|
| মালা: | El Arbol del Paraíso, 67
|
| বিষয়গুলি: | |
| ট্যাগগুলো: |
ট্যাগ যুক্ত করুন
কোনো ট্যাগ নেই, প্রথমজন হিসাবে ট্যাগ করুন!
|
MARC
| LEADER | 00000cam a2200000 a 4500 | ||
|---|---|---|---|
| 001 | UCF1104 | ||
| 003 | CL-VaPUC | ||
| 008 | 120621e20100000SP |||||||||||||||||spa|d | ||
| 020 | |a 9788498413663 | ||
| 082 | 0 | 4 | |a 759.06 |b VEG |2 21 |
| 100 | 0 | |a Vega Esquerra, Amador |e author |9 562760 | |
| 245 | 1 | 0 | |a Sacrificio y creación en la pintura de Rothko: la vía estética de la emoción religiosa |
| 300 | |a 140 p | ||
| 942 | |c BK | ||
| 945 | |d 20120621 00:00:00 |a dcastane | ||
| 260 | |a Madrid |b Siruela |c 2010 | ||
| 600 | 0 | 7 | |a ROTHKO, MARK 1903-1970 |2 CL-VaPUC |9 562761 |
| 650 | 0 | |a Pintura moderna |9 265600 | |
| 650 | 0 | |a Expresionismo abstracto |9 315821 | |
| 583 | |a last modification |c 20120621 10:53:00 |k Rodrigo Vera | ||
| 490 | 0 | |a El Arbol del Paraíso, 67 | |
| 999 | |c 348073 |d 348071 | ||
| 952 | |0 0 |1 0 |4 0 |6 759_060000000000000_VEG_2010 |7 0 |8 A |9 449943 |a BIBART |b BIBART |d 2019-11-22 |i 4876164 |l 1 |o 759.06 VEG 2010 |p 4876164 |r 2025-03-13 |s 2024-11-11 |w 2019-11-22 |y BK |k ART | ||